=LDR 00000nam 2200000 4500 =001 INLIS000000000029697 =005 20221006022106 =035 ##$$a 0010-061300000029697 =008 221006################g##########0#ind## =041 ##$$a Ind =082 ##$$a 657.072 =090 ##$$a 657.072, Eff m =100 ##$$a Efferin, Sujoko =245 1#$$a metode penelitian untuk akuntansi, sebuah pendekatan praktis /$c Sujoko Effenrin =260 ##$$a Malang :$b Bayumedia,$c 2005 =300 ##$$a xii, 178 hlm : $b ilus ; $c 23 cm =650 #4$$a Akuntansi, Metode =850 ##$$a NBPNMAT =020 ##$$a 9793695072 =084 ##$$a 657.072 EFF m =990 ##$$a 20801552 =990 ##$$a 94170/BPAP-NTB/2014 =990 ##$$a 1202001602 =990 ##$$a 25462546 =990 ##$$a 20801553 =990 ##$$a 20801552 =990 ##$$a 94170/BPAP-NTB/2014 =990 ##$$a 1202001602